| 000 | 00375nam a2200157Ia 4500 | ||
|---|---|---|---|
| 008 | 210716s1978 xx 000 0 und d | ||
| 020 | _a02560200329 | ||
| 041 | _aeng | ||
| 082 | _a339 WONP | ||
| 100 | _aWonnacott, Paul. | ||
| 245 | _aMacroeconomics. | ||
| 250 | _a1 | ||
| 260 |
_aHomewood _bRichard D Irwin, Inc _c1978 |
||
| 300 | _axvi,543 | ||
| 650 | _aMacro Economics | ||
| 999 |
_c203083 _d203083 |
||